000 02292nam0a2200373 i 4500
001 RU\NLR\BIBL_A\010910467
005 20241103100642.0
010 _a9785749318289
_9120
021 _aRU
_b2015-85792
_95252
035 _a(NILC)RuMoRGB-008061034
035 _a(NLR Aleph) 010910467
090 _a10627695
_c10627695
100 _a20151123d2015 k y0rusy50 ca
101 0 _arus
_aeng
_deng
102 _aRU
105 _aah z 100yy
200 1 _aСовременные проблемы проектирования, строительства и эксплуатации железнодорожного пути
_eXII Международная научно-техническая конференция (г. Москва, 1-2 апреля 2015 г.)
_eчтения, посвященные памяти профессора Г. М. Шахунянца
_eтруды
210 _aМосква
_cМИИТ
_d2015
215 _a211, [1] с.
_cил., факс.
_d30
300 _aВ надзаг.: ОАО "Рос. ж. д." (ОАО "РЖД"), Московский гос. ун-т путей сообщ. (МГУПС (МИИТ))
300 _aНа обл. подзаг.: Чтения, посвященные 111-летию профессора Г. М. Шахунянца
300 _aЧасть текста на англ. яз.
320 _aБиблиогр. в конце отд. ст.
606 _aЖелезнодорожный путь
_jСъезды, совещания и т.п
_91046256
_3RU\NLR\AUTH\66403736
675 _a625.1/.5
686 1 _aО211я431(0)
702 1 _4280
_7ca
_8rus
_aШахунянц
_bГ. М.
_f1904-1980
_gГеоргий Михайлович
_9153076
_3RU\NLR\AUTH\770153114
711 1 2 _a"Современные проблемы проектирования, строительства и эксплуатации железнодорожного пути", международная научно-техническая конференция
_d12
_eМосква
_f2015
_9494072
_3RU\NLR\AUTH\880414461
801 0 _aRU
_bРГБ
_c20151105
_gRCR
801 1 _aRU
_bРГБ
_c20151105
_2rusmarc
942 _cBOOK
980 _aNBR